00438nam a2200157Ia 4500008004100000020000700041082001500048100002000063245004200083250000700125260003800132300002500170500002600195600003300221650002600254240925s9999 xx 000 0 und d aNA a954.91 JAM aJamil Ur Rehman 0aTakhliq-E-Pakistan or Shahi Reyasatte aNA aKarachi:bCity Book Pointc,2010. a368p.bN.AfOriginal aIncludes Bibliography aHumanities & Natural Science aHistory and Geography